00792nam a2200205 i 450000100060000000300090000600500170001500700030003200800410003510000260007624500630010226000750016530000220024049000410026260000750030383000490037885200210042799900170044895201210046581438ES-MaACL20230906174433.0t|041104s1917 fr ||||1| fre d1 aHuan, Gabriel.96446213aLa Philosophie de Frédéric Nietzsche / cGabriel Huan. aParis : bFontemoing et Cie., c1917 (eLe Puy en Velag : fPeyriller) a363 p. ; c23 cm.1 aLes doctrines de guerre en Allemagne14aNietzsche, Friedrich,d1844-1900-xCrítica e interpretación9857210 aLes doctrines de guerre en Allemagne9226404 aES-MaACLjF-5723 c81438d81438 00104070aATENEOMbATENEOMcDEPO2d2008-01-17eSCl0oF-5723p1085130r2023-02-23 00:00:00w2023-02-23yMONOGRAFIA